000 00395nam a2200145Ia 4500
008 220217s9999||||xx |||||||||||||| ||und||
020 _a81-7515-269-9
082 _a005.13 LAF
100 _aLafore, Robert
245 0 _aObject oriented programming in turbo C++
250 _a3rd
260 _aGalgotia publications
_bNew Delhi
_c2003
300 _b320
650 _aPROGRAMMING LANGUAGE
999 _c170463
_d170463